000 00452nam a2200157Ia 4500
005 20250428151211.0
008 231217s9999 xx 000 0 und d
020 _a9780071443296
082 _a658 MCC;1 R
100 _aMcCarty, Thomas. Daniels, Lorraine. Bremer, Michael [et al.]
245 0 _aSix sigma black belt hand book
260 _c2005
_bMcgrawhill
_aNew Delhi
300 _axiv+588
650 _aSix,sigma,black,belt,hand
942 _cAA
999 _c182098
_d182098